[Event "Hamburg HSK"]
[Site "Hamburg"]
[Date "1991.??.??"]
[Round "6"]
[White "Haik, Aldo"]
[Black "Sievers, Stefan"]
[Result "1/2-1/2"]
[WhiteElo "2435"]
[BlackElo "2340"]
[PlyCount "159"]
[EventDate "1991.??.??"]
[EventType "tourn"]
[EventRounds "11"]
[EventCountry "GER"]
[EventCategory "5"]
[Source "ChessBase"]
[SourceDate "1996.11.15"]

1. d4 Nf6 2. c4 c5 3. d5 b5 4. cxb5 a6 5. bxa6 g6 6. Nc3 Bxa6 7. Nf3 d6 8. Nd2
Qa5 9. f3 Bg7 10. e4 Bxf1 11. Nxf1 Nfd7 12. Ne3 Bxc3+ 13. bxc3 Qxc3+ 14. Bd2
Qd3 15. Qe2 Qxe2+ 16. Kxe2 Nb6 17. Rhb1 N8d7 18. Rb5 O-O 19. Ba5 Rfb8 20. Rab1
Nc8 21. Nc4 Rxb5 22. Rxb5 Ra7 23. Kd3 e6 24. a4 Kf8 25. Kc3 Ke7 26. Kb3 exd5
27. exd5 Nf6 28. Ne3 Kd7 29. g4 Ne7 30. Kc4 g5 31. Bc3 Nfxd5 32. Nxd5 Rxa4+ 33.
Nb4 cxb4 34. Bf6 Nc6 35. Rxg5 Ra3 36. Rf5 Ra2 37. h4 Ke6 38. Bh8 Rc2+ 39. Kd3
Rc5 40. Rf6+ Ke7 41. Rh6 b3 42. Bc3 Ne5+ 43. Bxe5 Rxe5 44. Kc3 Re3+ 45. Kb2
Rxf3 46. Rxh7 Kf6 47. Rh5 Ke6 48. Rg5 Rh3 49. h5 d5 50. Rf5 f6 51. Rf2 Rg3 52.
Rf4 Ke7 53. Rb4 Kd6 54. Rxb3 Rxg4 55. Rh3 Rg7 56. h6 Rh7 57. Kc3 Ke5 58. Rh1
Ke4 59. Rh4+ Kf5 60. Rh5+ Kg6 61. Rxd5 Kxh6 62. Kd2 Re7 63. Kd3 Kg6 64. Ra5 f5
65. Ra1 Kg5 66. Rg1+ Kf6 67. Rf1 Re4 68. Rh1 Ke5 69. Ra1 Kf4 70. Rf1+ Kg5 71.
Rg1+ Kf6 72. Rh1 Re5 73. Kd4 Re8 74. Rf1 Re2 75. Kd3 Re7 76. Kd4 Re4+ 77. Kd3
Ke5 78. Ra1 Kf4 79. Rf1+ Kg4 80. Rg1+ 1/2-1/2

[Event "Troll Masters"]
[Site "Gausdal"]
[Date "1992.??.??"]
[Round "6"]
[White "Tisdall, Jonathan D"]
[Black "Gretarsson, Helgi Ass"]
[Result "1/2-1/2"]
[WhiteElo "2455"]
[BlackElo "2350"]
[PlyCount "94"]
[EventDate "1992.01.??"]
[EventType "swiss"]
[EventRounds "9"]
[EventCountry "NOR"]
[Source "ChessBase"]
[SourceDate "1996.11.15"]

1. d4 Nf6 2. c4 c5 3. d5 d6 4. Nc3 g6 5. e4 b5 6. cxb5 Bg7 7. Nf3 O-O 8. Nd2 a6
9. bxa6 Bxa6 10. Bxa6 Nxa6 11. Nc4 Nd7 12. O-O Nb6 13. Ne3 Qd7 14. Bd2 Nc7 15.
Qc2 Rfb8 16. Qd3 Na4 17. b3 Nxc3 18. Bxc3 Bxc3 19. Qxc3 Rb4 20. f3 Nb5 21. Qb2
Nd4 22. Rf2 Qa7 23. Re1 Rb6 24. Nc4 Ra6 25. e5 Qb7 26. exd6 exd6 27. Qc1 Qxd5
28. Qf4 Ne6 29. Qe4 Qxe4 30. fxe4 Rxa2 31. Rxa2 Rxa2 32. Nxd6 Nf4 33. g3 Nh3+
34. Kh1 Nf2+ 35. Kg1 Ng4 36. Rf1 Ne5 37. Rf2 Ra3 38. Rb2 Nf3+ 39. Kg2 Nd4 40.
b4 cxb4 41. Rxb4 Ra2+ 42. Kf1 Nf3 43. h3 Ra6 44. Kf2 Ng5 45. h4 Rxd6 46. hxg5
Rd3 47. Kg2 Kg7 1/2-1/2

[Event "Pardubice op"]
[Site "Pardubice"]
[Date "1992.??.??"]
[Round "6"]
[White "Sorokin, Maxim"]
[Black "Krzywicki, Dariusz"]
[Result "1-0"]
[WhiteElo "2550"]
[BlackElo "2335"]
[PlyCount "89"]
[EventDate "1992.07.??"]
[EventType "swiss"]
[EventRounds "9"]
[EventCountry "CZE"]
[Source "ChessBase"]
[SourceDate "1996.11.15"]

1. d4 Nf6 2. c4 c5 3. d5 b5 4. cxb5 a6 5. bxa6 Bxa6 6. Nc3 d6 7. Nf3 g6 8. Nd2
Bg7 9. e4 Bxf1 10. Nxf1 Qa5 11. Bd2 Nbd7 12. Ne3 Qa6 13. Qe2 Ne5 14. Qxa6 Rxa6
15. Ke2 Nfg4 16. Ncd1 O-O 17. Bc3 Rfa8 18. Nxg4 Nxg4 19. Bxg7 Kxg7 20. Nc3 Rb8
21. Rhb1 f5 22. h3 Ne5 23. exf5 gxf5 24. f4 Nc4 25. b3 Na3 26. Rb2 Rb4 27. Kf3
Kf7 28. Rc1 c4 29. Nd1 Rab6 30. Rc3 Kf6 31. g4 h6 32. Ne3 fxg4+ 33. hxg4 Rb8
34. Rh2 cxb3 35. Rxh6+ Kf7 36. axb3 Nb5 37. Rc4 Rxb3 38. Rh7+ Kg8 39. Rxe7 Nc3
40. Kg2 Rb2+ 41. Kh3 Ne2 42. Nf5 Ng1+ 43. Kh4 Kh8 44. Rcc7 Rh2+ 45. Kg3 1-0

[Event "Paris-ch op"]
[Site "Paris"]
[Date "1989.??.??"]
[Round "5"]
[White "Murey, Jacob"]
[Black "Fedorowicz, John P"]
[Result "0-1"]
[WhiteElo "2560"]
[BlackElo "2505"]
[PlyCount "32"]
[EventDate "1989.05.??"]
[EventType "swiss"]
[EventRounds "9"]
[EventCountry "FRA"]
[Source "ChessBase"]
[SourceDate "1996.11.15"]

1. d4 Nf6 2. c4 c5 3. d5 b5 4. cxb5 a6 5. bxa6 g6 6. Nc3 Bxa6 7. f4 Bg7 8. Nf3
Qa5 9. Kf2 O-O 10. h3 e6 11. e4 exd5 12. e5 Ne4+ 13. Nxe4 dxe4 14. Ng5 c4 15.
Nxe4 d5 16. Nd6 f6 0-1

[Event "Hoogovens-B"]
[Site "Wijk aan Zee"]
[Date "1989.01.??"]
[Round "5"]
[White "Andruet, Gilles"]
[Black "Fedorowicz, John P"]
[Result "0-1"]
[WhiteElo "2420"]
[BlackElo "2505"]
[PlyCount "62"]
[EventDate "1989.01.??"]
[EventType "tourn"]
[EventRounds "11"]
[EventCountry "NED"]
[EventCategory "10"]
[Source "ChessBase"]
[SourceDate "1996.11.15"]

1. d4 Nf6 2. c4 c5 3. d5 b5 4. cxb5 a6 5. bxa6 g6 6. Nc3 Bxa6 7. f4 Bg7 8. Nf3
Qa5 9. Bd2 O-O 10. e4 d6 11. Bxa6 Qxa6 12. Qe2 Nbd7 13. Qxa6 Rxa6 14. Kd1 Ng4
15. Kc2 c4 16. Rhe1 Nc5 17. Re2 Nd7 18. h3 Ngf6 19. Ne1 Nc5 20. e5 Nfd7 21. Be3
Rb8 22. Bxc5 Nxc5 23. Rd1 Na4 24. Nxa4 Rxa4 25. Ra1 Ra5 26. Kc3 Rxd5 27. Kxc4
e6 28. Nf3 Rc8+ 29. Kb3 Rb5+ 30. Ka4 Rcb8 31. exd6 R5b7 0-1

[Event "Montpellier-A"]
[Site "Montpellier"]
[Date "1989.??.??"]
[Round "?"]
[White "Skembris, Spyridon"]
[Black "Andruet, Gilles"]
[Result "1/2-1/2"]
[WhiteElo "2420"]
[BlackElo "2360"]
[PlyCount "79"]
[EventDate "1989.07.??"]
[EventType "tourn"]
[EventRounds "9"]
[EventCountry "FRA"]
[EventCategory "7"]
[Source "ChessBase"]
[SourceDate "1996.11.15"]

1. d4 Nf6 2. c4 c5 3. d5 b5 4. cxb5 a6 5. bxa6 g6 6. Nc3 Bxa6 7. f4 Bg7 8. Nf3
Qa5 9. Bd2 O-O 10. e4 d6 11. Bxa6 Qxa6 12. Qe2 Nbd7 13. Qxa6 Rxa6 14. Kd1 c4
15. Kc2 Ng4 16. Rhe1 Nc5 17. Re2 Nd3 18. h3 Ngf2 19. a3 Rb8 20. Ra2 Rab6 21.
Na4 Ra6 22. Nc3 Rab6 23. Na4 Rb5 24. e5 f5 25. Nd4 Rxd5 26. Nc6 Rb7 27. Be3 Ne4
28. Nb6 Rb5 29. Nxc4 Rc7 30. Nxe7+ Rxe7 31. Kxd3 Rc7 32. Bd4 dxe5 33. Nxe5 Rb3+
34. Bc3 Bxe5 35. fxe5 Nxc3 36. bxc3 Rcxc3+ 37. Kd4 Rd3+ 38. Kc4 Rdc3+ 39. Kd4
Rd3+ 40. Kc4 1/2-1/2

[Event "Lyngby op"]
[Site "Lyngby"]
[Date "1989.??.??"]
[Round "3"]
[White "Hoi, Carsten"]
[Black "Fedder, Steen"]
[Result "1-0"]
[WhiteElo "2460"]
[BlackElo "2390"]
[PlyCount "43"]
[EventDate "1989.??.??"]
[EventType "swiss"]
[EventRounds "9"]
[EventCountry "DEN"]
[Source "ChessBase"]
[SourceDate "1996.11.15"]

1. d4 Nf6 2. c4 c5 3. d5 b5 4. cxb5 a6 5. bxa6 g6 6. Nc3 Bg7 7. e4 d6 8. f4 O-O
9. Nf3 Qa5 10. Bd2 Bxa6 11. e5 Nfd7 12. e6 Bxf1 13. Rxf1 fxe6 14. Ng5 Na6 15.
dxe6 Nf6 16. Nd5 Qb5 17. Nxe7+ Kh8 18. Bc3 Rae8 19. Qxd6 Qb7 20. Nc6 h6 21.
O-O-O hxg5 22. fxg5 1-0

[Event "Hastings Challengers 9192"]
[Site "Hastings"]
[Date "1991.??.??"]
[Round "?"]
[White "Tozer, Richard"]
[Black "Tseitlin, Mikhail S"]
[Result "0-1"]
[WhiteElo "2340"]
[BlackElo "2480"]
[PlyCount "112"]
[EventDate "1991.12.??"]
[EventType "swiss"]
[EventRounds "10"]
[EventCountry "ENG"]
[Source "ChessBase"]
[SourceDate "1996.11.15"]

1. d4 c5 2. d5 Nf6 3. c4 b5 4. cxb5 a6 5. bxa6 g6 6. Nc3 Bxa6 7. f4 Qa5 8. Bd2
Bg7 9. Nf3 O-O 10. e4 Bxf1 11. Rxf1 d6 12. Kf2 Qb6 13. Kg1 Qxb2 14. Qe2 Qb7 15.
Rab1 Qa6 16. Qxa6 Nxa6 17. Rb7 Rfb8 18. Rfb1 Ng4 19. h3 Ne3 20. Bxe3 Bxc3 21.
Rxb8+ Rxb8 22. Rxb8+ Nxb8 23. Nd2 Nd7 24. Kf2 f5 25. Ke2 Kf7 26. Kd3 Bxd2 27.
Bxd2 fxe4+ 28. Kxe4 Nf6+ 29. Kd3 Nxd5 30. a4 Ke6 31. g4 Kd7 32. Ke4 Nf6+ 33.
Kd3 e6 34. Ba5 Kc6 35. Bc3 Nd5 36. Bd2 Kb6 37. Ke4 Nf6+ 38. Kd3 d5 39. Bc3 Ne4
40. Be1 Ka6 41. Ke3 Nd6 42. Kd3 Nc4 43. Kc3 Nb6 44. Kb3 Nd7 45. Kc3 Nb8 46. Kd3
Nc6 47. Bd2 Kb6 48. Be1 c4+ 49. Ke3 Kc5 50. f5 exf5 51. gxf5 gxf5 52. Kf4 d4
53. Kxf5 c3 54. Ke4 Kc4 55. h4 h5 56. Kf4 Kd3 0-1

[Event "Haringey"]
[Site "London"]
[Date "1988.??.??"]
[Round "?"]
[White "Murey, Jacob"]
[Black "Hebden, Mark"]
[Result "1-0"]
[WhiteElo "2545"]
[BlackElo "2460"]
[PlyCount "129"]
[EventDate "1988.07.??"]
[EventType "schev"]
[EventRounds "9"]
[EventCountry "ENG"]
[Source "ChessBase"]
[SourceDate "1996.11.15"]

1. d4 Nf6 2. c4 c5 3. d5 b5 4. cxb5 a6 5. bxa6 g6 6. Nc3 Bxa6 7. f4 Bg7 8. Nf3
Qa5 9. Bd2 O-O 10. e4 Bxf1 11. Rxf1 d6 12. e5 Ne8 13. Qe2 Qa6 14. Qe4 Nc7 15.
Kf2 Nd7 16. Kg1 Rab8 17. b3 Rb4 18. Qe1 Rbb8 19. Qh4 dxe5 20. Qxe7 Rbd8 21.
fxe5 Rfe8 22. Qh4 Nxe5 23. Nxe5 Bxe5 24. Rxf7 Bd4+ 25. Kh1 Kxf7 26. Qxh7+ Bg7
27. Bh6 Rg8 28. Kg1 Nxd5 29. Ne4 Rd6 30. Bxg7 Rxg7 31. Qh8 g5 32. Rd1 Rf6 33.
Qd8 Nf4 34. Rd7+ Kg6 35. Qe8+ Rgf7 36. Qg8+ Kf5 37. Ng3+ Ke5 38. Rxf7 Rxf7 39.
Qxf7 Qxa2 40. Qf5+ Kd4 41. Qe4+ Kc3 42. Qc4+ Kb2 43. Ne4 Qb1+ 44. Kf2 Qh1 45.
Qc3+ Ka2 46. Qc2+ Ka1 47. Qc3+ Ka2 48. Qg3 Qc1 49. Qxg5 Nd3+ 50. Ke2 Nf4+ 51.
Kf2 Nd3+ 52. Kf3 Qd1+ 53. Ke3 Qxb3 54. Qd5 c4 55. Qa5+ Kb2 56. Nd2 Qc3 57.
Qxc3+ Kxc3 58. h4 Nc5 59. h5 Ne6 60. h6 Nf8 61. Ne4+ Kb4 62. Kf4 c3 63. Nxc3
Kxc3 64. Kf5 Kd4 65. g4 1-0

[Event "Prague op"]
[Site "Prague"]
[Date "1989.??.??"]
[Round "7"]
[White "Naumkin, Igor"]
[Black "Dyballa, Markus"]
[Result "1-0"]
[WhiteElo "2435"]
[BlackElo "2265"]
[PlyCount "143"]
[EventDate "1989.??.??"]
[EventType "swiss"]
[EventRounds "9"]
[EventCountry "CZE"]
[Source "ChessBase"]
[SourceDate "1996.11.15"]
[WhiteTeamCountry "GER"]
[BlackTeamCountry "GER"]

1. d4 Nf6 2. c4 c5 3. d5 b5 4. cxb5 a6 5. bxa6 Bxa6 6. Nc3 d6 7. f4 g6 8. Nf3
Bg7 9. e4 Bxf1 10. Rxf1 O-O 11. e5 dxe5 12. fxe5 Ng4 13. Qe2 Nd7 14. e6 Nde5
15. Ng5 fxe6 16. Nxe6 Rxf1+ 17. Kxf1 Qd6 18. Bf4 g5 19. Bg3 h5 20. Re1 Bf6 21.
h3 h4 22. Bxe5 Nxe5 23. Kg1 Ng6 24. Rf1 Rb8 25. Ne4 Qe5 26. Nxf6+ exf6 27. Qxe5
Nxe5 28. Rxf6 Rxb2 29. Rf8+ Kh7 30. Nxg5+ Kg6 31. Ne4 Rxa2 32. Nxc5 Rd2 33. Rd8
Nc4 34. Ne4 Rd4 35. d6 Kf7 36. Ng5+ Kf6 37. Nf3 Rd1+ 38. Kh2 Rxd6 39. Rxd6+
Nxd6 40. Nxh4 Kg5 41. g3 Nc4 42. Kg2 Ne3+ 43. Kf3 Nc4 44. Ke4 Nd2+ 45. Ke3 Nc4+
46. Kd3 Nb2+ 47. Ke4 Nd1 48. Nf3+ Kf6 49. h4 Nc3+ 50. Kd3 Nd1 51. Kd2 Nf2 52.
Ke3 Nd1+ 53. Kf4 Nc3 54. g4 Nd5+ 55. Ke4 Nc3+ 56. Ke3 Nd5+ 57. Kd4 Nf4 58. Ke4
Ne6 59. Nd4 Nc5+ 60. Ke3 Ke5 61. h5 Kf6 62. Kf4 Nd3+ 63. Kg3 Ne1 64. Nf3 Nd3
65. Kh4 Nf4 66. g5+ Kf7 67. Kg4 Ne6 68. Ne5+ Kg7 69. h6+ Kh7 70. Kf5 Nd8 71.
Kf6 Nb7 72. Nf7 1-0

[Event "Lone Pine op"]
[Site "Lone Pine"]
[Date "1978.??.??"]
[Round "8"]
[White "Youngworth, Perry"]
[Black "Erlingsson, Jonas Petur"]
[Result "1-0"]
[WhiteElo "2250"]
[BlackElo "2270"]
[PlyCount "53"]
[EventDate "1978.04.??"]
[EventType "swiss"]
[EventRounds "9"]
[EventCountry "USA"]
[Source "ChessBase"]
[SourceDate "1996.11.15"]
[WhiteTeamCountry "PER"]
[BlackTeamCountry "GUA"]

1. d4 Nf6 2. c4 c5 3. d5 b5 4. cxb5 a6 5. bxa6 Bxa6 6. Nc3 d6 7. f4 g6 8. Nf3
Bg7 9. e4 Bxf1 10. Rxf1 Qb6 11. Qe2 O-O 12. e5 Ng4 13. h3 Nh6 14. g4 Na6 15.
Kf2 dxe5 16. Nxe5 Rfe8 17. f5 Nb4 18. Kg2 Qb7 19. Qe4 gxf5 20. gxf5 f6 21. Bxh6
Bxh6 22. Nc4 Kh8 23. Kh1 Rg8 24. Rg1 Rxg1+ 25. Rxg1 Nxa2 26. Nxa2 Rxa2 27. Nd6
1-0

[Event "Naestved op"]
[Site "Naestved"]
[Date "1988.??.??"]
[Round "7"]
[White "Hoi, Carsten"]
[Black "Busch, Klaus"]
[Result "1-0"]
[WhiteElo "2455"]
[BlackElo "2340"]
[PlyCount "101"]
[EventDate "1988.07.??"]
[EventType "swiss"]
[EventRounds "9"]
[EventCountry "DEN"]
[Source "ChessBase"]
[SourceDate "1996.11.15"]
[WhiteTeamCountry "PER"]
[BlackTeamCountry "GUA"]

1. d4 Nf6 2. c4 c5 3. d5 b5 4. cxb5 a6 5. bxa6 g6 6. Nc3 Bxa6 7. f4 d6 8. Nf3
Bg7 9. e4 Bxf1 10. Rxf1 Qb6 11. Qe2 O-O 12. e5 Ne8 13. Be3 Nc7 14. Rd1 Nd7 15.
Bc1 Qa6 16. Rf2 c4 17. Be3 Rfe8 18. e6 fxe6 19. dxe6 Nxe6 20. f5 Nef8 21. fxg6
hxg6 22. Qd2 Qa5 23. Kf1 Nf6 24. h3 Rab8 25. Nd4 Rbc8 26. Kg1 Qa8 27. Bh6 Rc5
28. Bxg7 Kxg7 29. Rdf1 Rc7 30. Qg5 N8h7 31. Ne6+ Kf7 32. Nxc7 Nxg5 33. Nxa8
Rxa8 34. Rf4 Rc8 35. a4 Rc5 36. Ra1 Ne6 37. Rf2 Nd4 38. Ne4 Ra5 39. Rxf6+ exf6
40. Nxd6+ Ke6 41. Nxc4 Rc5 42. Ne3 f5 43. b4 Rc3 44. Re1 Kd6 45. a5 f4 46. Ng4
Rb3 47. a6 Rxb4 48. Ra1 Rb8 49. Rd1 Kc5 50. Ne5 Ra8 51. Nd7+ 1-0

[Event "FRA-chT"]
[Site "France"]
[Date "1989.??.??"]
[Round "?"]
[White "Guidez, Yann Michael"]
[Black "Koch, Jean Rene"]
[Result "0-1"]
[WhiteElo "2200"]
[BlackElo "2390"]
[PlyCount "56"]
[EventDate "1989.??.??"]
[EventType "team"]
[EventRounds "11"]
[EventCountry "FRA"]
[Source "ChessBase"]
[SourceDate "1996.11.15"]
[WhiteTeamCountry "PER"]
[BlackTeamCountry "GUA"]

1. d4 Nf6 2. c4 c5 3. d5 b5 4. cxb5 a6 5. bxa6 g6 6. Nc3 Bxa6 7. f4 d6 8. Nf3
Bg7 9. e4 Bxf1 10. Rxf1 Qb6 11. Qe2 Nbd7 12. e5 dxe5 13. fxe5 Ng4 14. e6 fxe6
15. dxe6 Nde5 16. Nxe5 Nxe5 17. Bh6 Bxh6 18. Qxe5 O-O-O 19. Rf2 c4 20. Rd1 Be3
21. Rf1 Bd4 22. Qe4 Qxb2 23. Qa8+ Kc7 24. Qa5+ Kb8 25. Rxd4 Rxd4 26. Qe5+ Rd6
27. Qxh8+ Kb7 28. Qe5 Qd2# 0-1

[Event "Smederevska Palanka m"]
[Site "Smederevska Palanka"]
[Date "1990.??.??"]
[Round "5"]
[White "Gurieli, Nino"]
[Black "Marinkovic, Ivan"]
[Result "0-1"]
[WhiteElo "2340"]
[BlackElo "2470"]
[PlyCount "96"]
[EventDate "1990.??.??"]
[EventType "team"]
[EventRounds "1"]
[EventCountry "YUG"]
[Source "ChessBase"]
[SourceDate "1996.11.15"]
[WhiteTeamCountry "PER"]
[BlackTeamCountry "GUA"]

1. d4 Nf6 2. c4 c5 3. d5 b5 4. cxb5 a6 5. bxa6 g6 6. Nc3 Bxa6 7. g3 d6 8. Bg2
Bg7 9. Nf3 Nbd7 10. O-O Nb6 11. Re1 O-O 12. e4 Nfd7 13. Qc2 Nc4 14. Nd2 Nce5
15. Bf1 c4 16. Kg2 Nc5 17. Nf3 Ncd3 18. Bxd3 Nxd3 19. Rf1 Rb8 20. Rb1 Qd7 21.
Be3 f5 22. Qe2 Bc8 23. Ng5 Qe8 24. exf5 Bxf5 25. f4 Qd7 26. Ne6 Bxe6 27. dxe6
Qxe6 28. Qf3 Rxb2+ 29. Rxb2 Nxb2 30. Nd5 Qf7 31. f5 gxf5 32. Qxf5 e6 33. Qxf7+
Rxf7 34. Nf4 Re7 35. Nh5 Nd3 36. Rb1 Bb2 37. Rd1 d5 38. a4 Be5 39. a5 d4 40.
Bh6 Kf7 41. Bg5 Ra7 42. Bd8 Bc7 43. Bxc7 Rxc7 44. Nf4 Nxf4+ 45. gxf4 d3 46. Kf3
c3 47. Ke3 d2 48. Ra1 Rd7 0-1

[Event "Beersheba"]
[Site "Beersheba"]
[Date "1984.??.??"]
[Round "5"]
[White "Kortschnoj, Viktor"]
[Black "Greenfeld, Alon"]
[Result "1/2-1/2"]
[WhiteElo "2635"]
[BlackElo "2470"]
[PlyCount "83"]
[EventDate "1984.02.??"]
[EventType "tourn"]
[EventRounds "13"]
[EventCountry "ISR"]
[EventCategory "9"]
[Source "ChessBase"]
[SourceDate "1996.11.15"]
[WhiteTeamCountry "PER"]
[BlackTeamCountry "GUA"]

1. d4 Nf6 2. c4 c5 3. d5 b5 4. Nf3 g6 5. cxb5 a6 6. bxa6 Bxa6 7. g3 d6 8. Bg2
Bg7 9. O-O Nbd7 10. Nc3 Nb6 11. Re1 O-O 12. Nd2 Qc7 13. Nb3 Nc4 14. h3 Rfb8 15.
Qc2 Qb6 16. Rb1 Nd7 17. Bf4 Nde5 18. Rec1 Bc8 19. e4 Bd7 20. Kh1 Ba4 21. Nxa4
Rxa4 22. Nxc5 Rxa2 23. Nd7 Nxd7 24. Qxc4 Rxb2 25. Rxb2 Qxb2 26. Qc7 Rb7 27.
Qc8+ Bf8 28. Kh2 Ne5 29. Rc2 Rb8 30. Qc7 Qb3 31. Bxe5 Rb7 32. Qc8 dxe5 33. Rc3
Qb6 34. Rf3 Rb8 35. Qc6 Bg7 36. Bf1 Bf6 37. Bc4 Kg7 38. Kg2 Qd4 39. Bd3 Rb3 40.
Qa6 Rc3 41. h4 h5 42. Re3 1/2-1/2

[Event "Perenyi mem"]
[Site "Budapest"]
[Date "1989.??.??"]
[Round "?"]
[White "Karolyi, Tibor Jr"]
[Black "Greenfeld, Alon"]
[Result "1/2-1/2"]
[WhiteElo "2440"]
[BlackElo "2550"]
[PlyCount "51"]
[EventDate "1989.??.??"]
[EventType "tourn"]
[EventRounds "11"]
[EventCountry "HUN"]
[EventCategory "9"]
[Source "ChessBase"]
[SourceDate "1996.11.15"]
[WhiteTeamCountry "PER"]
[BlackTeamCountry "GUA"]

1. d4 Nf6 2. c4 c5 3. d5 b5 4. cxb5 a6 5. bxa6 g6 6. Nc3 Bxa6 7. g3 Bg7 8. Bg2
d6 9. Nf3 Nbd7 10. O-O Nb6 11. Re1 O-O 12. Bf4 Ra7 13. Nd2 Qa8 14. e4 Rb8 15.
Qc2 Ng4 16. Bf3 Ne5 17. Be2 Bxe2 18. Rxe2 Na4 19. Nxa4 Rxa4 20. Bxe5 Bxe5 21.
Nc4 Bg7 22. a3 Rbb4 23. axb4 Rxa1+ 24. Kg2 cxb4 25. Qd3 Rc1 26. Rc2 1/2-1/2

[Event "Novi Sad ol (Men)"]
[Site "Novi Sad"]
[Date "1990.??.??"]
[Round "7"]
[White "Cvitan, Ognjen"]
[Black "Milos, Gilberto"]
[Result "1/2-1/2"]
[WhiteElo "2515"]
[BlackElo "2540"]
[PlyCount "92"]
[EventDate "1990.11.??"]
[EventType "team"]
[EventRounds "14"]
[EventCountry "YUG"]
[Source "ChessBase"]
[SourceDate "1996.11.15"]
[WhiteTeamCountry "YUG"]
[BlackTeamCountry "ISR"]

1. d4 Nf6 2. c4 c5 3. d5 b5 4. cxb5 a6 5. bxa6 Bxa6 6. Nc3 g6 7. g3 d6 8. Bg2
Bg7 9. Nf3 Nbd7 10. O-O Nb6 11. Re1 O-O 12. Bf4 Nh5 13. Bg5 h6 14. Bc1 Nf6 15.
a3 Ra7 16. Rb1 Qa8 17. e4 Nfd7 18. Qc2 Nc4 19. b3 Nce5 20. Nxe5 Nxe5 21. Rd1
Rb8 22. h3 Rab7 23. b4 cxb4 24. axb4 Rc7 25. Rb3 Bc4 26. Ra3 Qb7 27. Be3 Qc8
28. Qd2 Rxb4 29. Na4 Qb8 30. Rc1 Kh7 31. Bd4 Bb3 32. Rxc7 Rxd4 33. Qc3 Bxa4 34.
Qxd4 Qb1+ 35. Kh2 Ng4+ 36. hxg4 Bxd4 37. Rxa4 Bxf2 38. Rxe7 Bxg3+ 39. Kxg3 Qb3+
40. Bf3 Qxa4 41. Rxf7+ Kg8 42. Rf6 Qe8 43. Re6 Qf7 44. Rxd6 h5 45. gxh5 gxh5
46. Rc6 Qe7 1/2-1/2

[Event "RSFSR-ch"]
[Site "Kuibyshev"]
[Date "1990.??.??"]
[Round "?"]
[White "Obukhov, Alexander"]
[Black "Poluljahov, Aleksandr"]
[Result "1-0"]
[WhiteElo "2225"]
[BlackElo "2415"]
[PlyCount "93"]
[EventDate "1990.??.??"]
[EventType "tourn"]
[EventRounds "15"]
[EventCountry "URS"]
[EventCategory "6"]
[Source "ChessBase"]
[SourceDate "1996.11.15"]
[WhiteTeamCountry "YUG"]
[BlackTeamCountry "ISR"]

1. d4 Nf6 2. c4 g6 3. g3 c5 4. d5 b5 5. cxb5 a6 6. bxa6 Bg7 7. Nc3 Bxa6 8. Nf3
d6 9. Bg2 Nbd7 10. O-O Nb6 11. Re1 O-O 12. Bg5 h6 13. Bf4 Nh5 14. Bc1 Nf6 15.
Nd2 Qc7 16. Nf1 Rfb8 17. Qc2 Ng4 18. h3 Ne5 19. b3 c4 20. Bd2 Qc5 21. Rac1 Bb7
22. Ne3 cxb3 23. axb3 Rc8 24. Qb1 Qb4 25. Red1 Ned7 26. Na2 Qb5 27. Nc3 Qb4 28.
Nc2 Qa5 29. Na4 Qb5 30. Nxb6 Nxb6 31. e4 Nd7 32. Bf1 Qb6 33. Be3 Qd8 34. Nd4
Nc5 35. b4 Na4 36. Qb3 Rcb8 37. Bb5 Nb6 38. Nc6 Bxc6 39. Bxc6 Ra6 40. Bb5 Raa8
41. Bc6 Ra6 42. Rc2 Nd7 43. Qd3 Ra1 44. Rxa1 Bxa1 45. Qa3 Bg7 46. Ba7 Rc8 47.
Qa5 1-0

[Event "Tallinn"]
[Site "Tallinn"]
[Date "1989.??.??"]
[Round "2"]
[White "Gavrikov, Viktor"]
[Black "Ernst, Thomas"]
[Result "1/2-1/2"]
[WhiteElo "2535"]
[BlackElo "2460"]
[PlyCount "68"]
[EventDate "1989.04.??"]
[EventType "tourn"]
[EventRounds "11"]
[EventCountry "URS"]
[EventCategory "12"]
[Source "ChessBase"]
[SourceDate "1996.11.15"]
[WhiteTeamCountry "YUG"]
[BlackTeamCountry "ISR"]

1. d4 Nf6 2. c4 c5 3. d5 b5 4. cxb5 a6 5. bxa6 Bxa6 6. Nc3 d6 7. Nf3 g6 8. g3
Bg7 9. Bg2 Nbd7 10. O-O Nb6 11. Re1 O-O 12. Bf4 Nh5 13. Bg5 h6 14. Bc1 Nf6 15.
h3 Qc7 16. Nd2 Rfb8 17. Rb1 Qb7 18. b4 cxb4 19. Rxb4 Qc7 20. Qb3 Nfd7 21. Nb5
Bxb5 22. Rxb5 Nc5 23. Qc2 Qa7 24. Ne4 Nxd5 25. Nxd6 Nc3 26. Bxa8 Rxa8 27. Bd2
Nxb5 28. Nxb5 Qxa2 29. Qxa2 Rxa2 30. Bb4 Ne4 31. Bxe7 Nc3 32. Nxc3 Bxc3 33. Rc1
Rxe2 34. Rxc3 Rxe7 1/2-1/2

[Event "Munich op 9192"]
[Site "Munich"]
[Date "1992.??.??"]
[Round "8"]
[White "Van der Sterren, Paul"]
[Black "Alterman, Boris"]
[Result "0-1"]
[WhiteElo "2485"]
[BlackElo "2495"]
[PlyCount "102"]
[EventDate "1992.01.??"]
[EventType "swiss"]
[EventRounds "9"]
[EventCountry "GER"]
[Source "ChessBase"]
[SourceDate "1996.11.15"]
[WhiteTeamCountry "YUG"]
[BlackTeamCountry "ISR"]

1. d4 Nf6 2. c4 c5 3. d5 b5 4. cxb5 a6 5. bxa6 g6 6. Nc3 Bxa6 7. g3 Bg7 8. Bg2
d6 9. Nf3 Nbd7 10. O-O Nb6 11. Re1 O-O 12. Bf4 Nh5 13. Bg5 h6 14. Bc1 Nf6 15.
Rb1 Nfd7 16. Qc2 Bc4 17. a3 Bxd5 18. Nxd5 Nxd5 19. Nh4 e6 20. Rd1 N7b6 21. e4
Nc7 22. Be3 Nb5 23. e5 Rc8 24. Qb3 Nd4 25. Bxd4 cxd4 26. exd6 Qxd6 27. Nf3 Rb8
28. Rbc1 Nd5 29. Qd3 e5 30. Nd2 Rfd8 31. Ne4 Qe7 32. b4 f5 33. Nc5 e4 34. Qc4
Kh7 35. Re1 Nc3 36. f3 e3 37. Qd3 Ra8 38. Ra1 f4 39. gxf4 Nd5 40. f5 Nf4 41.
fxg6+ Kh8 42. Qf5 Rf8 43. Qc2 e2 44. Ne4 d3 45. Qa2 Bxa1 46. Qxa1+ Qg7 47. Kf2
Rxa3 48. Qxa3 Qd4+ 49. Kg3 Nh5+ 50. Kh3 Qd7+ 51. Kh4 Rf4+ 0-1

[Event "Lloyds Bank op"]
[Site "London"]
[Date "1987.??.??"]
[Round "3"]
[White "Whiteley, Andrew J"]
[Black "Wilder, Michael"]
[Result "0-1"]
[WhiteElo "2380"]
[BlackElo "2505"]
[PlyCount "80"]
[EventDate "1987.??.??"]
[EventType "swiss"]
[EventRounds "11"]
[EventCountry "ENG"]
[Source "ChessBase"]
[SourceDate "1996.11.15"]
[WhiteTeamCountry "YUG"]
[BlackTeamCountry "ISR"]

1. d4 Nf6 2. c4 c5 3. d5 b5 4. cxb5 a6 5. bxa6 g6 6. Nc3 Bxa6 7. Nf3 d6 8. g3
Bg7 9. Bg2 Nbd7 10. O-O O-O 11. h3 Ra7 12. Re1 Nb6 13. e4 Nfd7 14. Bf1 Bxf1 15.
Kxf1 Qa8 16. Qc2 Rb8 17. Re2 Na4 18. Nxa4 Rxa4 19. a3 Qa6 20. Kg2 c4 21. Rb1 h6
22. Be3 c3 23. b4 Rxa3 24. Nd4 Bxd4 25. Bxd4 Qc4 26. Rd2 Rc8 27. Rd3 Ne5 28.
Bxe5 dxe5 29. Re3 Ra2 30. Qc1 c2 31. Rbb3 Ra1 32. Qxa1 c1=Q 33. Qxc1 Qxc1 34.
b5 Qd1 35. Red3 Qe1 36. Re3 Qa5 37. Rb2 Qa1 38. Rbb3 Rc1 39. Kf3 Rc2 40. Kg4
Rxf2 0-1

[Event "Balatonbereny op"]
[Site "Balatonbereny"]
[Date "1985.??.??"]
[Round "10"]
[White "Szilagyi, Peter"]
[Black "Tatai, Stefano"]
[Result "1-0"]
[WhiteElo "2445"]
[BlackElo "2425"]
[PlyCount "87"]
[EventDate "1985.09.??"]
[EventType "swiss"]
[EventRounds "11"]
[EventCountry "HUN"]
[Source "ChessBase"]
[SourceDate "1996.11.15"]
[WhiteTeamCountry "YUG"]
[BlackTeamCountry "ISR"]

1. d4 Nf6 2. c4 c5 3. d5 b5 4. cxb5 a6 5. bxa6 Bxa6 6. Nc3 d6 7. g3 g6 8. Bg2
Bg7 9. Nf3 O-O 10. O-O Nbd7 11. Re1 Qb6 12. h3 Rfb8 13. Rb1 Ne8 14. Qc2 Nc7 15.
Bd2 Bc4 16. Qe4 Bxa2 17. Nxa2 Rxa2 18. Qxe7 Ne5 19. Nxe5 Bxe5 20. Bc3 Bg7 21.
e4 Ne8 22. Ra1 Rxa1 23. Rxa1 Bxc3 24. bxc3 Qb7 25. Qxb7 Rxb7 26. e5 Kf8 27. f4
Rb3 28. Ra8 Ke7 29. Ra7+ Kf8 30. Rd7 dxe5 31. fxe5 Ng7 32. d6 Ne6 33. Bd5 Rxc3
34. Bxe6 fxe6 35. Kf2 Rc2+ 36. Ke3 Rc3+ 37. Kf4 h6 38. Re7 Rc4+ 39. Ke3 Rc3+
40. Kd2 Rxg3 41. Rxe6 c4 42. Kc2 Rd3 43. Rxg6 Rxh3 44. d7 1-0